<?xml version="1.0" encoding="UTF-8"?>
<record
    xmlns:xsi="http://www.w3.org/2001/XMLSchema-instance"
    xsi:schemaLocation="http://www.loc.gov/MARC21/slim http://www.loc.gov/standards/marcxml/schema/MARC21slim.xsd"
    xmlns="http://www.loc.gov/MARC21/slim">

  <leader>00764nam a22001937a 4500</leader>
  <controlfield tag="003">OSt</controlfield>
  <controlfield tag="005">20170601090845.0</controlfield>
  <controlfield tag="008">170601t        xxu||||| |||| 00| 0 eng d</controlfield>
  <datafield tag="040" ind1=" " ind2=" ">
    <subfield code="a">BSHUA</subfield>
    <subfield code="b">Shqip</subfield>
    <subfield code="c">BSHUA</subfield>
  </datafield>
  <datafield tag="082" ind1=" " ind2=" ">
    <subfield code="b">785.11/Vol.</subfield>
  </datafield>
  <datafield tag="100" ind1=" " ind2=" ">
    <subfield code="a">Wolf, Hugo ;</subfield>
  </datafield>
  <datafield tag="245" ind1=" " ind2=" ">
    <subfield code="a">Italian Serenade G major - Sol majeur - G dur :</subfield>
    <subfield code="b">for 2 Violins, Viola and Violoncello /</subfield>
  </datafield>
  <datafield tag="260" ind1=" " ind2=" ">
    <subfield code="a">London :</subfield>
    <subfield code="b">Ernst Eulenburg Ltd. ,</subfield>
  </datafield>
  <datafield tag="300" ind1=" " ind2=" ">
    <subfield code="c">19 cm. .</subfield>
    <subfield code="g">20 f. : me nota ;</subfield>
  </datafield>
  <datafield tag="653" ind1=" " ind2=" ">
    <subfield code="a">Partitura.</subfield>
    <subfield code="a">Muzika boterore - Muzika austriake.</subfield>
    <subfield code="a">Muzike dhome - Muzika instrumentale - Kuartete - Serenada.</subfield>
    <subfield code="a">Serenada italiane nga kuarteti ne G maxhor per harqe, per 2 violina, viole dhe violoncel.</subfield>
    <subfield code="a">Kompozitoret austriake - Hugo Volf</subfield>
  </datafield>
  <datafield tag="856" ind1=" " ind2=" ">
    <subfield code="y">Fulltext</subfield>
  </datafield>
  <datafield tag="942" ind1=" " ind2=" ">
    <subfield code="2">udc</subfield>
    <subfield code="c">SCORE</subfield>
  </datafield>
  <datafield tag="953" ind1=" " ind2=" ">
    <subfield code="a">0</subfield>
  </datafield>
  <datafield tag="999" ind1=" " ind2=" ">
    <subfield code="c">13597</subfield>
    <subfield code="d">13597</subfield>
  </datafield>
  <datafield tag="952" ind1=" " ind2=" ">
    <subfield code="0">0</subfield>
    <subfield code="1">0</subfield>
    <subfield code="2">udc</subfield>
    <subfield code="4">0</subfield>
    <subfield code="7">0</subfield>
    <subfield code="a">UArtLib2</subfield>
    <subfield code="b">UArtLib2</subfield>
    <subfield code="d">2017-06-01</subfield>
    <subfield code="g">200.00</subfield>
    <subfield code="o">785.11/Vol.</subfield>
    <subfield code="p">3268</subfield>
    <subfield code="r">2017-06-01</subfield>
    <subfield code="w">2017-06-01</subfield>
    <subfield code="y">SCORE</subfield>
  </datafield>
  <datafield tag="952" ind1=" " ind2=" ">
    <subfield code="0">0</subfield>
    <subfield code="1">0</subfield>
    <subfield code="2">udc</subfield>
    <subfield code="4">0</subfield>
    <subfield code="7">0</subfield>
    <subfield code="a">UArtLib2</subfield>
    <subfield code="b">UArtLib2</subfield>
    <subfield code="d">2017-06-01</subfield>
    <subfield code="g">200.00</subfield>
    <subfield code="o">785.11/Vol.</subfield>
    <subfield code="p">3269</subfield>
    <subfield code="r">2017-06-01</subfield>
    <subfield code="w">2017-06-01</subfield>
    <subfield code="y">SCORE</subfield>
  </datafield>
  <datafield tag="952" ind1=" " ind2=" ">
    <subfield code="0">0</subfield>
    <subfield code="1">0</subfield>
    <subfield code="2">udc</subfield>
    <subfield code="4">0</subfield>
    <subfield code="7">0</subfield>
    <subfield code="a">UArtLib2</subfield>
    <subfield code="b">UArtLib2</subfield>
    <subfield code="d">2017-06-01</subfield>
    <subfield code="g">500.00</subfield>
    <subfield code="o">785.11/Vol.</subfield>
    <subfield code="p">50089</subfield>
    <subfield code="r">2017-06-01</subfield>
    <subfield code="w">2017-06-01</subfield>
    <subfield code="y">SCORE</subfield>
  </datafield>
</record>
